|
|
|
|
| LEADER |
00000nam0a2200000 4500 |
| 001 |
366029 |
| 005 |
20231102011837.0 |
| 035 |
|
|
|a (RuTPU)RU\TPU\retro\23392
|
| 090 |
|
|
|a 366029
|
| 100 |
|
|
|a 20220127d1979 km y0rusy50 ca
|
| 101 |
1 |
|
|a rus
|c eng
|
| 102 |
|
|
|a RU
|
| 105 |
|
|
|a a z 001zy
|
| 200 |
1 |
|
|a Изотопные исследования гетерогенного катализа
|e пер. с англ.
|f А. Одзаки
|
| 210 |
|
|
|a Москва
|c Атомиздат
|d 1979
|
| 215 |
|
|
|a 232 с.
|c ил.
|
| 320 |
|
|
|a Библиография в конце глав
|
| 320 |
|
|
|a Авторский указатель: с. 222-228
|
| 320 |
|
|
|a Указатель катализаторов: с. 229-230
|
| 606 |
1 |
|
|a Катализ гетерогенный
|2 stltpush
|3 (RuTPU)RU\TPU\subj\14042
|9 40537
|
| 610 |
1 |
|
|a изотопы
|
| 610 |
1 |
|
|a анализ
|
| 610 |
1 |
|
|a методы
|
| 610 |
1 |
|
|a изотопный обмен
|
| 610 |
1 |
|
|a реакции
|
| 610 |
1 |
|
|a поверхности
|
| 610 |
1 |
|
|a адсорбция
|
| 610 |
1 |
|
|a исследование
|
| 610 |
1 |
|
|a изотопные методы
|
| 610 |
1 |
|
|a механизм реакций
|
| 610 |
1 |
|
|a элементарные стадии
|
| 610 |
1 |
|
|a скорости
|
| 610 |
1 |
|
|a изотопные эффекты
|
| 675 |
|
|
|a 544.47:544.344
|v 4
|
| 700 |
|
1 |
|a Одзаки
|b А.
|g Ацуму
|
| 801 |
|
1 |
|a RU
|b 63413507
|c 20220127
|
| 801 |
|
2 |
|a RU
|b 63413507
|c 20230222
|g RCR
|
| 942 |
|
|
|c BK
|